000
00332nam a2200133Ia 4500
008
151001s9999||||xx |||||||||||||| ||und||
100
_a
कमल शुक्ल
245
_a
देवदासी
250
_a
1
260
_b
पराग प्रकाशन
260
_c
1998
300
_a
169
365
_b
18
999
_c
974409
_d
974406